LEADER 00889nam0-22003371i-450- 001 990002028130403321 005 20021010 035 $a000202813 035 $aFED01000202813 035 $a(Aleph)000202813FED01 035 $a000202813 100 $a20021010d--------km-y0itay50------ba 101 0 $aita 200 1 $aApicoltura.$fA. Zappi Recordati 205 $a6. 210 $aRoma$cREDA$d1980 215 $a172 p.$d21 cm 610 0 $aApe 610 0 $aApicoltura 676 $a595.799 700 1$aZappi Recordati,$bAntonio$068106 801 0$aIT$bUNINA$gRICA$2UNIMARC 901 $aBK 912 $a990002028130403321 952 $a61 XIV D.5/075.3$b4669 (24/06/80)$fDAGEN 952 $a61 XIV D.5/075.1$b4667 (24/06/80)$fDAGEN 952 $a61 XIV D.5/075.2$b4668 (24/06/80)$fDAGEN 959 $aDAGEN 996 $aApicoltura$9367851 997 $aUNINA DB $aING01 LEADER 01208nam--2200397---450- 001 990001397920203316 005 20050623121358.0 035 $a000139792 035 $aUSA01000139792 035 $a(ALEPH)000139792USA01 035 $a000139792 100 $a20040205d1981----km-y0itay0103----ba 101 0 $aita 102 $aIT 105 $a||||||||001yy 200 1 $aComunità come bisogno$eidentità e sviluppo dell'uomo nelle culture locali$fUlderico Bernardi 210 $aMilano$cJaca Book$d1981 215 $a133 p.$d23 cm 225 2 $aParole dell'umana avventura$v10 410 0$12001$aParole dell'umana avventura$v10 454 1$12001 461 1$1001-------$12001 606 0 $aComunità$zSec. 20.$xSaggi 606 0 $aCultura$zSec. 20.$xSaggi 676 $a301.34 700 1$aBERNARDI,$bUlderico$0160496 801 0$aIT$bsalbc$gISBD 912 $a990001397920203316 951 $aII.5. 2739(XV A Coll. 4/10)$b21473 L.M.$cXV A Coll. 959 $aBK 969 $aUMA 979 $aSIAV4$b10$c20040205$lUSA01$h1718 979 $aPATRY$b90$c20040406$lUSA01$h1738 979 $aCOPAT1$b90$c20050623$lUSA01$h1213 996 $aComunità come bisogno$9930403 997 $aUNISA